000 00237nam a2200097Ia 4500
005 20251222114345.0
008 251222s1900||||xx |||||||||||||| ||spa||
082 _aDVD0190/R47/2006
245 0 _aConversatorio con Oswaldo Reynoso:
942 _cDVD
999 _c993
_d993